| 000 | 01417nam a2200241 a 4500 | ||
|---|---|---|---|
| 001 | 47750 | ||
| 003 | BD-RjUL | ||
| 005 | 20211209054403.0 | ||
| 008 | 160810s2002 bg ||||| |||| 00| 0 ben d | ||
| 020 | _c: Tk.450.00 | ||
| 035 | _a(BD-RjUL)47869 | ||
| 040 |
_aBD-RjUL _bben _cBD-RjUL _dBD-RjUL |
||
| 041 | _aben | ||
| 082 |
_223 _a344.046 _bPOR 2002 |
||
| 110 |
_aপরিবেশ অধিদপ্তর _9145022 |
||
| 245 |
_aপরিবেশ আইন সংকলন = A Compilation of environmental laws / _cপরিবেশ অধিদপ্তর |
||
| 260 |
_aপরিবেশ অধিদপ্তর : _bবাংলাদেশ এনভায়রনমেন্টাল ম্যানেজমেন্ট প্রজেক্ট, _c২০০২ |
||
| 300 |
_ax, ৩৪৮ পৃ. : _bচিত্র ; _c২৬ সেমি. |
||
| 500 | _aবাংলাদেশ পরিবেশ সংরক্ষণ আইন, ১৯৯৫ এবং পরিবেশ অধিদপ্তর কর্তৃক প্রয়োগযোগ্য অন্যান্য আইন, বিধিমালা,প্রজ্ঞাপন ইত্যাদির সংকলন (৩০-১১-২০০২ ইং পর্যন্ত সংশোধিতরুপে) | ||
| 650 |
_aপরিবেশ রক্ষা _9145023 |
||
| 650 |
_aEnvironmental Protection _9134201 |
||
| 942 |
_2ddc _cBK _01 |
||
| 999 |
_c47750 _d47750 |
||